Gospel themes : (Запис № 502532)

МАРК-запис
000 -LEADER
fixed length control field 01392cam a2200325 a 4500
001 - CONTROL NUMBER
control field gospelthemesfour00town
003 - CONTROL NUMBER IDENTIFIER
control field CaSfIA
005 - DATE AND TIME OF LATEST TRANSACTION
control field 20210118090622.0
007 - PHYSICAL DESCRIPTION FIXED FIELD--GENERAL INFORMATION
fixed length control field cr||||
008 - FIXED-LENGTH DATA ELEMENTS--GENERAL INFORMATION
fixed length control field 870203s1987 ilua 000 0 eng
010 ## - LIBRARY OF CONGRESS CONTROL NUMBER
LC control number 87070312
040 ## - CATALOGING SOURCE
Original cataloging agency DLC
Transcribing agency DLC
Modifying agency BTCTA
-- YDXCP
-- OCLCG
-- CaSfIA
020 ## - INTERNATIONAL STANDARD BOOK NUMBER
International Standard Book Number 1555138489 (pbk.)
020 ## - INTERNATIONAL STANDARD BOOK NUMBER
International Standard Book Number 9781555138486 (pbk.)
035 ## - SYSTEM CONTROL NUMBER
System control number (OCoLC)18590254
050 0# - LIBRARY OF CONGRESS CALL NUMBER
Classification number BS2556
Item number .T69 1987
082 0# - DEWEY DECIMAL CLASSIFICATION NUMBER
Classification number 226/.06
Edition number 19
029 1# - (OCLC)
OCLC library identifier AU@
System control number 000027066895
100 1# - MAIN ENTRY--PERSONAL NAME
Personal name Townsend, Jim,
Dates associated with a name 1943-
245 10 - TITLE STATEMENT
Title Gospel themes :
Medium [electronic resource]
Remainder of title four portraits of Christ's life /
Statement of responsibility, etc Jim Townsend.
260 ## - PUBLICATION, DISTRIBUTION, ETC. (IMPRINT)
Place of publication, distribution, etc Elgin, Ill. :
Name of publisher, distributor, etc D.C. Cook Pub. Co.,
Date of publication, distribution, etc c1987.
300 ## - PHYSICAL DESCRIPTION
Extent 142 p. :
Other physical details ill. ;
Dimensions 21 cm.
440 #0 - SERIES STATEMENT/ADDED ENTRY--TITLE
Title Bible mastery series
506 ## - RESTRICTIONS ON ACCESS NOTE
Standardized terminology for access restriction Необхідна авторизація на https://archive.org/ (створення облікового запису безкоштовно)
506 ## - RESTRICTIONS ON ACCESS NOTE
Standardized terminology for access restriction Необхідна авторизація на https://openlibrary.org/ (створення облікового запису безкоштовно)
630 00 - SUBJECT ADDED ENTRY--UNIFORM TITLE
Uniform title Bible.
Name of part/section of a work N.T.
-- Gospels
General subdivision Textbooks.
856 41 - ELECTRONIC LOCATION AND ACCESS
Uniform Resource Identifier <a href="http://www.archive.org/details/gospelthemesfour00town">http://www.archive.org/details/gospelthemesfour00town</a>
Public note Free eBook from the Internet Archive
856 42 - ELECTRONIC LOCATION AND ACCESS
Uniform Resource Identifier <a href="http://www.openlibrary.org/books/OL2412816M">http://www.openlibrary.org/books/OL2412816M</a>
Public note Additional information and access via Open Library
942 ## - ADDED ENTRY ELEMENTS (KOHA)
Koha item type ЕКнига

Немає доступних примірників.